[Event "Turkish Super League 2019"]
[Site "Konya"]
[Date "2019.07.25"]
[Round "10"]
[White "Romanov, Evgeny"]
[Black "Asadli, Vugar"]
[Result "1-0"]
[WhiteElo "2582"]
[BlackElo "2502"]
[Annotator "ChessBase"]
[PlyCount "65"]
[EventDate "2019.07.17"]
[EventType "team-tourn"]
[EventCountry "TUR"]
[SourceTitle "playchess.com"]
[Source "ChessBase"]
[SourceQuality "1"]
[TimeControl "40/5400+30:1800+30"]

1. d4 {[%emt 0:01:30]} Nf6 {[%emt 0:00:30]} 2. Nf3 {[%emt 0:00:00]} g6 {[%emt 0:00:00]} 3. Nc3 {[%emt 0:00:00]} d5 {[%emt 0:00:00]} 4. Bf4 {[%emt 0:00:30]} Bg7 {[%emt 0:00:30]} 5. e3 {[%emt 0:00:00]} O-O {[%emt 0:03:30]} 6. Nb5 {[%emt 0:00:00]} Na6 {[%emt 0:01:30]} 7. h3 {[%emt 0:00:30]} c6 {[%emt 0:02:30]} 8. Nc3 {[%emt 0:00:30]} Nc7 {[%emt 0:03:30]} 9. Bd3 {[%emt 0:00:30]} Nce8 {[%emt 0:01:30]} 10. Ne5 {[%emt 0:09:30]} Nd6 {[%emt 0:01:30]} 11. h4 {[%emt 0:01:30]} Nde4 {[%emt 0:12:30]} 12. Nxe4 {[%emt 0:00:30]} dxe4 {[%emt 0:00:30]} 13. Bc4 {[%emt 0:00:30]} Nd5 {[%emt 0:00:30]} 14. h5 {[%emt 0:08:30]} g5 {[%emt 0:12:30]} 15. Bxg5 {[%emt 0:14:30]} f6 {[%emt 0:00:30]} 16. h6 {[%emt 0:01:30]} Bh8 {[%emt 0:00:30]} 17. f3 {[%emt 0:08:30]} exf3 {[%emt 0:13:30]} 18. gxf3 {[%emt 0:09:30]} fxg5 {[%emt 0:05:30]} 19. e4 {[%emt 0:00:30]} Rf4 {[%emt 0:01:30]} 20. Qd2 {[%emt 0:05:30]} e6 {[%emt 0:03:30]} 21. exd5 {[%emt 0:03:30]} exd5 {[%emt 0:07:30]} 22. Bd3 {[%emt 0:00:30]} Qf6 {[%emt 0:06:30]} 23. Rg1 {[%emt 0:03:30]} g4 {[%emt 0:01:30]} 24. O-O-O {[%emt 0:02:30]} Rxd4 {[%emt 0:01:23]} 25. c3 {[%emt 0:01:30]} Ra4 {[%emt 0:00:07]} 26. Bc2 {[%emt 0:04:30]} Rf4 {[%emt 0:00:19]} 27. Rde1 {[%emt 0:00:30]} Be6 {[%emt 0:01:50]} 28. fxg4 {[%emt 0:01:30]} Rf2 {[%emt 0:00:36]} 29. g5 {[%emt 0:07:40]} Qf8 {[%emt 0:00:06]} 30. Bxh7+ {[%emt 0:01:30]} Kxh7 {[%emt 0:00:06]} 31. g6+ {[%emt 0:00:03]} Kg8 {[%emt 0:00:01]} 32. g7 {[%emt 0:00:01]} Bxg7 {[%emt 0:02:05]} 33. Qe3 {[%emt 0:07:09]} 1-0

[Event "Turkish Super League 2019"]
[Site "Konya"]
[Date "2019.07.25"]
[Round "10"]
[White "Rasulov, Vugar"]
[Black "Visakh N R"]
[Result "0-1"]
[WhiteElo "2534"]
[BlackElo "2526"]
[Annotator "TA"]
[PlyCount "112"]
[EventDate "2019.07.17"]
[EventType "team-tourn"]
[EventCountry "TUR"]
[SourceTitle "playchess.com"]
[Source "ChessBase"]
[SourceQuality "1"]

{[%evp 9,112,0,27,24,29,10,22,14,12,12,12,8,20,7,22,0,2,-8,22,2,22,22,33,22,22,15,39,22,22,22,22,22,25,11,29,24,25,8,10,0,0,0,0,-92,-96,-235,-224,-219,-230,-575,-562,-295,0,0,0,0,0,-9,0,-8,0,0,0,0,0,0,0,-4,0,0,0,0,0,-44,-25,-25,-26,-36,-43,-100,-52,-156,-159,-146,-149,-171,-153,-219,-199,-172,-167,-375,-375,-487,-403,-29977,-292,-2612,-352,-294,-30,-1689,-1388,-1283,-1260]} 1. d4 Nf6 2. c4 e6 3. g3 d5 4. Nf3 Bb4+ 5. Bd2 Bd6 (5... Be7 6. Bg2 O-O 7. O-O Nbd7 8. Qc2 c6 9. Rc1 b6 10. cxd5 cxd5 11. Qd1 Bb7 12. a3 a6 13. Bf4 Rc8 14. Nbd2 Rxc1 15. Rxc1 Qa8 16. Ne5 Nxe5 17. Bxe5 {½-½ (41) Mamedyarov,S (2790)-Radjabov,T (2756) Shamkir 2019}) 6. Bg2 {E01: Catalan: Early deviations} c6 7. Qc2 Nbd7 8. O-O {The position is equal.} O-O 9. Rc1 Ne4 10. Nc3 $146 ({Predecessor:} 10. Bf4 Bxf4 11. gxf4 f5 12. Nbd2 h6 13. cxd5 exd5 {0-1 (82) Beliavsky,A (2526)-Moiseenko,A (2648) Skopje 2019}) 10... Nxd2 11. Nxd2 f5 12. Rab1 a5 13. f4 Nf6 14. Nf3 Bd7 15. c5 Bc7 16. a3 Ne4 17. b4 Be8 18. e3 axb4 19. axb4 h6 20. Ra1 Bh5 21. Qb2 Rxa1 22. Rxa1 g5 23. b5 gxf4 24. exf4 Qf6 25. Ra4 Qg7 {And now ...Bxf4! would win.} 26. Ne5 (26. bxc6 $11 {keeps the balance.} bxc6 27. Ne2) 26... Bxe5 $1 $17 27. fxe5 (27. dxe5 $17 {is a better defense.} Nxc5 28. Ra1) 27... Qg5 $19 {...Qe3+ is the strong threat.} 28. Nxe4 fxe4 (28... dxe4 29. bxc6 Qe3+ 30. Qf2 $17) 29. Ra3 $2 {[#]} (29. Qc3 {was the crucial defense.} cxb5 30. Ra1) 29... e3 $1 30. Qc1 {[#]} Qg4 $2 ({Not} 30... cxb5 31. Qxe3 Qxe3+ 32. Rxe3 $14) (30... e2 $1 $19 31. Qxg5+ hxg5) 31. Rxe3 $11 Qxd4 {Threatens to win with ...Ra8.} 32. bxc6 $1 bxc6 {With the idea ...Ra8.} 33. Qc3 $1 $132 {[%cal Rc3d4][%mdl 2048] White has counterplay} Qxc3 (33... Qg4 {keeps more tension.} 34. h3 Qg5 35. Qd4 Kg7 36. Rb3 Be2) 34. Rxc3 {[%mdl 4096] Endgame KRB-KRB} Rb8 35. Bh3 Rb1+ 36. Kf2 Rb2+ 37. Kg1 Bf7 38. Ra3 Rc2 39. Ra8+ Kg7 40. Ra7 Kg6 41. Ra5 h5 42. Bf1 {Strongly threatening Bd3+.} Kh6 43. Bd3 Rc3 44. Ba6 (44. Bf1 $15) 44... Kg5 45. Bb7 (45. Bc8 $15) 45... Kf5 $17 46. Bxc6 Kxe5 47. Bd7 Bg6 48. c6 (48. Kf2 $17) 48... Kd6 $19 49. Ra8 d4 {Hoping for ...d3.} 50. Rd8 $2 (50. Kf2) 50... d3 {aiming for ...Ke7.} 51. Kf2 Rc2+ 52. Kf3 (52. Ke1 $19) 52... Bf5 $2 (52... Ke5 {mates} 53. g4 Be4+ 54. Kg3 d2 55. Bxe6 Kxe6 56. Rxd2 Rxd2 57. h3 hxg4 58. Kf4 gxh3 59. c7 Bb7 60. Ke3 Rg2 61. c8=B+ Bxc8 62. Ke4 h2 63. Kd4 h1=Q 64. Kc4 Rg3 65. Kb5 Qd5+ 66. Kb6 Rb3+ 67. Kc7 Qd7#) 53. h3 $2 (53. Kf4) 53... Bxh3 $2 (53... Ke5 54. g4 hxg4+ 55. hxg4 Be4+ {[%mdl 64] Double Attack} 56. Kg3 d2 57. Bxe6 Kxe6) 54. Ke3 d2 $2 ({Black should try} 54... Bf5 $19 {( -> ...Ke5)} 55. Be8+ Ke7) 55. c7 $2 {[%mdl 8192]} (55. Be8+ $11 Ke7 56. Bg6 Rxc6 57. Rxd2) 55... d1=N+ 56. Ke4 Kxc7 {Accuracy: White = 31%, Black = 53%.} 0-1

[Event "Turkish Super League 2019"]
[Site "Konya"]
[Date "2019.07.25"]
[Round "10"]
[White "Dimitrov, Radoslav"]
[Black "Can, Emre"]
[Result "0-1"]
[WhiteElo "2530"]
[BlackElo "2595"]
[Annotator "ChessBase"]
[PlyCount "112"]
[EventDate "2019.07.17"]
[EventType "team-tourn"]
[EventCountry "TUR"]
[SourceTitle "playchess.com"]
[Source "ChessBase"]
[SourceQuality "1"]
[TimeControl "40/5400+30:1800+30"]

1. d4 {[%emt 0:00:30]} Nf6 {[%emt 0:03:30]} 2. Bg5 {[%emt 0:00:00]} d5 {[%emt 0:00:30]} 3. Bxf6 {[%emt 0:00:00]} gxf6 {[%emt 0:00:30]} 4. c4 {[%emt 0:01:30]} dxc4 {[%emt 0:08:30]} 5. e3 {[%emt 0:00:00]} c5 {[%emt 0:03:30]} 6. Bxc4 {[%emt 0:02:00]} cxd4 {[%emt 0:03:30]} 7. exd4 {[%emt 0:00:30]} Bg7 {[%emt 0:00:30]} 8. Nc3 {[%emt 0:00:30]} O-O {[%emt 0:05:30]} 9. Nge2 {[%emt 0:00:00]} f5 {[%emt 0:00:30]} 10. Qd2 {[%emt 0:00:00]} Nc6 {[%emt 0:02:30]} 11. Rd1 {[%emt 0:00:30]} a6 {[%emt 0:03:30]} 12. O-O {[%emt 0:02:30]} b5 {[%emt 0:03:30]} 13. Bd5 {[%emt 0:00:30]} Qd6 {[%emt 0:01:30]} 14. a3 {[%emt 0:12:30]} Bd7 {[%emt 0:01:30]} 15. Qg5 {[%emt 0:04:30]} Rac8 {[%emt 0:06:30]} 16. Rfe1 {[%emt 0:09:30]} Qg6 {[%emt 0:12:30]} 17. Qe3 {[%emt 0:03:30]} Bh6 {[%emt 0:00:30]} 18. Qf3 {[%emt 0:03:30]} Rfd8 {[%emt 0:03:30]} 19. Nf4 {[%emt 0:06:30]} Qg4 {[%emt 0:02:30]} 20. Bxc6 {[%emt 0:00:30]} Bxc6 {[%emt 0:00:30]} 21. Nfd5 {[%emt 0:00:30]} Qxf3 {[%emt 0:04:30]} 22. Nxe7+ {[%emt 0:00:30]} Kf8 {[%emt 0:00:30]} 23. gxf3 {[%emt 0:00:30]} Bxf3 {[%emt 0:00:30]} 24. Rd3 {[%emt 0:05:30]} Be4 {[%emt 0:01:30]} 25. Rh3 {[%emt 0:03:30]} Bd2 {[%emt 0:00:00]} 26. Nxe4 {[%emt 0:26:47]} fxe4 {[%emt 0:11:00]} 27. Rxe4 {[%emt 0:02:06]} Re8 {[%emt 0:00:00]} 28. Nxc8 {[%emt 0:00:56]} Rxe4 {[%emt 0:00:00]} 29. Rd3 {[%emt 0:00:24]} Bc1 {[%emt 0:03:59]} 30. b4 {[%emt 0:00:50]} Bb2 {[%emt 0:02:57]} 31. d5 {[%emt 0:00:42]} Rd4 {[%emt 0:00:08]} 32. Rb3 {[%emt 0:00:14]} Rd2 {[%emt 0:03:54]} 33. Kg2 {[%emt 0:08:05]} f6 {[%emt 0:02:50]} 34. Kf3 {[%emt 0:03:13]} Be5 {[%emt 0:00:46]} 35. Ke4 {[%emt 0:01:33]} Rd4+ {[%emt 0:01:00]} 36. Ke3 {[%emt 0:01:28]} Rc4 {[%emt 0:00:45]} 37. f4 {[%emt 0:00:13]} Bxf4+ {[%emt 0:00:30]} 38. Kf3 {[%emt 0:00:00]} Bxh2 {[%emt 0:02:03]} 39. Nb6 {[%emt 0:01:26]} Rc7 {[%emt 0:00:11]} 40. a4 {[%emt 0:00:00]} Ke7 {[%emt 0:00:00]} 41. Ke4 {[%emt 0:06:03]} Kd6 {[%emt 0:10:27]} 42. Rh3 {[%emt 0:02:30]} Bg1 {[%emt 0:05:30]} 43. Rf3 {[%emt 0:06:30]} Re7+ {[%emt 0:03:30]} 44. Kd3 {[%emt 0:00:01]} Rf7 {[%emt 0:00:30]} 45. a5 {[%emt 0:00:01]} Bxb6 {[%emt 0:02:52]} 46. axb6 {[%emt 0:00:30]} Kxd5 {[%emt 0:00:00]} 47. b7 {[%emt 0:00:28]} Rxb7 {[%emt 0:00:21]} 48. Rxf6 {[%emt 0:00:30]} Ra7 {[%emt 0:00:00]} 49. Rb6 {[%emt 0:02:38]} Ke5 {[%emt 0:01:52]} 50. Ke3 {[%emt 0:00:09]} Kf5 {[%emt 0:02:11]} 51. Kf3 {[%emt 0:02:15]} Kg5 {[%emt 0:02:49]} 52. Kg3 {[%emt 0:00:11]} Rc7 {[%emt 0:01:26]} 53. Rxa6 {[%emt 0:00:51]} Rc3+ {[%emt 0:00:07]} 54. Kf2 {[%emt 0:00:22]} Rb3 {[%emt 0:00:13]} 55. Ra7 {[%emt 0:01:04]} h5 {[%emt 0:01:13]} 56. Rg7+ {[%emt 0:00:11]} Kh4 {[%emt 0:00:14]} 0-1

[Event "Turkish Super League 2019"]
[Site "Konya"]
[Date "2019.07.25"]
[Round "10"]
[White "Iljiushenok, Ilia"]
[Black "Nihal Sarin"]
[Result "1/2-1/2"]
[WhiteElo "2520"]
[BlackElo "2610"]
[Annotator "TA"]
[PlyCount "81"]
[EventDate "2019.07.17"]
[EventType "team-tourn"]
[EventCountry "TUR"]
[SourceTitle "playchess.com"]
[Source "ChessBase"]
[SourceQuality "1"]

{[%evp 12,81,26,0,0,15,61,34,51,20,46,35,35,22,37,17,16,17,27,18,45,45,43,61,58,27,58,0,33,25,20,30,31,15,36,27,25,25,32,12,46,24,26,1,4,11,26,0,23,27,51,3,28,0,15,0,0,-6,28,0,12,0,0,0,2,0,0,0,0,0,0,0]} 1. e4 c5 2. Nc3 d6 3. Nf3 Nf6 4. d4 cxd4 5. Nxd4 Nc6 6. Bg5 e6 7. Qd3 Be7 {B62: Sicilian: Richter-Rauzer: 6...e6: Unusual White 7th moves} 8. O-O-O a6 9. f4 Bd7 {White is slightly better.} 10. Nf3 h6 11. Bh4 g5 12. fxg5 Ng4 {[%cal Rh6g5]} 13. Kb1 $146 ({Predecessor:} 13. Bg3 hxg5 14. Be2 Qa5 {0-1 (51) Solodovnichenko,Y (2602)-Rombaldoni,A (2458) Oslo 2012}) 13... hxg5 14. Bg3 Nge5 15. Qe3 Qa5 16. Be2 Nxf3 17. gxf3 Qc5 18. Qd2 Ne5 19. Qe1 (19. f4 $14 gxf4 20. Qxf4) 19... O-O-O 20. Bf2 Qc7 21. h4 gxh4 22. Bxh4 Bc6 23. Bg3 Rxh1 24. Qxh1 Ng6 25. Qh2 Rh8 26. Qf2 (26. Qg1 {seems wilder.} Kb8 27. a3 e5 28. Bh2 b5 29. Qg2) 26... Bh4 27. f4 Bxg3 28. Qxg3 Qe7 29. f5 Ne5 30. Qg7 Rd8 31. Bh5 Kb8 32. a3 Qc7 33. Rf1 exf5 34. Rxf5 Rd7 35. Qg8+ Ka7 {The position is equal.} 36. Qg1+ Qb6 37. Qf1 {[%cal Rh5f7]} Qd4 38. Bxf7 Rxf7 39. Rxf7 Nxf7 40. Qxf7 Bxe4 41. Nxe4 {Accuracy: White = 34%, Black = 51%.} 1/2-1/2

[Event "Turkish Super League 2019"]
[Site "Konya"]
[Date "2019.07.25"]
[Round "10"]
[White "Quparadze, Giga"]
[Black "Injac, Teodora"]
[Result "0-1"]
[WhiteElo "2499"]
[BlackElo "2305"]
[Annotator "TA"]
[PlyCount "96"]
[EventDate "2019.07.17"]
[EventType "team-tourn"]
[EventCountry "TUR"]
[SourceTitle "playchess.com"]
[Source "ChessBase"]
[SourceQuality "1"]

{[%evp 19,96,34,37,33,27,34,23,17,17,12,12,4,12,0,0,-21,-18,-22,-23,-25,-13,-32,-39,-32,-32,-54,-36,-60,-58,-61,-30,-63,-53,-77,-40,-65,-81,-57,-40,-42,-44,-72,-79,-76,-96,-71,-64,-141,-133,-173,-169,-181,-123,-136,-149,-255,-247,-292,-299,-272,-274,-487,-260,-188,0,-168,-166,-331,-321,-341,-297,-343,-340,-321,-316,-29985,-29986,-29986,-29987]} 1. e4 c5 2. Nf3 d6 3. d4 cxd4 4. Nxd4 Nf6 5. Nc3 a6 6. Nb3 Nbd7 7. g3 e5 8. a4 b6 9. Bg2 Bb7 10. O-O Be7 11. Re1 {B91: Sicilian Najdorf: 6 g3} O-O (11... Rc8 12. Nd2 h5 13. Nf1 h4 14. Ne3 g6 15. Re2 hxg3 16. hxg3 Rxc3 17. bxc3 Nxe4 18. Bb2 Ndf6 {0-1 (53) Short,N (2664)-Kasparov,G (2812) Saint Louis 2015}) 12. Nd2 Nc5 13. Nf1 {White has an edge.} b5 14. axb5 axb5 15. Rxa8 Qxa8 16. Bg5 $146 ({Predecessor:} 16. Ne3 g6 17. Ned5 Nxd5 18. Nxd5 Bxd5 19. Qxd5 Qxd5 20. exd5 {0-1 (45) Rasmussen,A (2468)-Nielsen,P (2625) Silkeborg 2008}) 16... b4 17. Bxf6 Bxf6 ({Inferior is} 17... gxf6 18. Nd5 $16) 18. Nd5 Bxd5 19. exd5 Qa2 20. b3 Bg5 21. h4 Bh6 22. Qe2 Qa5 23. Nh2 f5 24. Nf1 $1 Qa7 25. Nh2 Qb6 26. Ra1 g6 27. Nf1 e4 28. Ne3 f4 29. gxf4 Bxf4 30. Qg4 Qd8 31. Rf1 Qf6 32. h5 Kg7 33. Bh3 (33. hxg6 $15 hxg6 34. Qe2) 33... Qc3 $17 34. Ng2 Qe5 35. hxg6 hxg6 ({Black should play} 35... h5 $1 $19 {[%cal Rh5g4]} 36. Qd1 Kxg6 37. Nxf4+ Rxf4) 36. Kh1 Bg5 37. Kg1 (37. f4 $17 exf3 38. Rxf3) 37... Rf3 $1 $19 ({Don't play} 37... Qxd5 38. Ne3 $17) 38. Ne1 Rf4 39. Qg3 {White hopes to continue with Ng2.} Qf6 ({But not} 39... Qxd5 40. Bg4 $17) 40. Bc8 $2 {[#]} (40. Ng2 Rf3 41. Qg4) 40... Bh4 (40... e3 $142 $1 {[%mdl 512]} 41. Qxe3 (41. fxe3 Rxf1+) 41... Rg4+ $1 {[%mdl 576] Discovered Attack} 42. Bxg4 Bxe3 43. fxe3 Qc3) 41. Qe3 Bg5 $2 (41... Qf8 $19 {...Bg5 is the strong threat.} 42. Bh3 Qf6) 42. Ng2 $2 (42. Qg3 $1 $11 {and White is okay.} e3 43. Qxe3 Rg4+ {[%mdl 64] Discovered Attack} 44. Bxg4 Bxe3 45. fxe3) 42... Rf5 $36 {[%mdl 2048] Keeping White busy.} 43. Qe1 $2 (43. Qe2 Rxd5 44. Rd1) 43... Rxd5 44. Qxb4 {[#]} Bd2 $1 {[%cal Rd2b4]} 45. Qc4 {[#]} Rg5 $1 {[%mdl 512] ( -> ...Qf3)} 46. Bh3 Bc3 {Strongly threatening ...Qf3.} 47. b4 $2 (47. Qe2 $19 Qf3 48. Qxf3 exf3 {[%mdl 64] Pin} 49. Rd1) 47... Qf3 48. bxc5 d5 {Accuracy: White = 29%, Black = 65%.} 0-1

[Event "Turkish Super League 2019"]
[Site "Konya"]
[Date "2019.07.25"]
[Round "10"]
[White "Atalik, Ekaterina"]
[Black "Mammadzada, Gunay"]
[Result "1-0"]
[WhiteElo "2459"]
[BlackElo "2427"]
[Annotator "ChessBase"]
[PlyCount "71"]
[EventDate "2019.07.17"]
[EventType "team-tourn"]
[EventCountry "TUR"]
[SourceTitle "playchess.com"]
[Source "ChessBase"]
[SourceQuality "1"]
[TimeControl "40/5400+30:1800+30"]

1. d4 {[%emt 0:00:30]} Nf6 {[%emt 0:00:30]} 2. c4 {[%emt 0:00:30]} e6 {[%emt 0:00:30]} 3. Nc3 {[%emt 0:00:30]} Bb4 {[%emt 0:00:00]} 4. e3 {[%emt 0:00:30]} c5 {[%emt 0:00:00]} 5. Nge2 {[%emt 0:02:30]} cxd4 {[%emt 0:00:30]} 6. exd4 {[%emt 0:02:30]} O-O {[%emt 0:00:30]} 7. a3 {[%emt 0:00:30]} Be7 {[%emt 0:00:00]} 8. Nf4 {[%emt 0:02:30]} d6 {[%emt 0:01:00]} 9. Be2 {[%emt 0:00:30]} Nc6 {[%emt 0:03:30]} 10. d5 {[%emt 0:02:30]} Ne5 {[%emt 0:06:30]} 11. O-O {[%emt 0:01:30]} Re8 {[%emt 0:14:30]} 12. b3 {[%emt 0:04:30]} Bf8 {[%emt 0:10:30]} 13. Bb2 {[%emt 0:03:30]} a6 {[%emt 0:10:30]} 14. Re1 {[%emt 0:05:30]} Bd7 {[%emt 0:04:30]} 15. Nh5 {[%emt 0:02:30]} Nxh5 {[%emt 0:07:30]} 16. Bxh5 {[%emt 0:00:30]} b5 {[%emt 0:03:30]} 17. dxe6 {[%emt 0:05:30]} Rxe6 {[%emt 0:00:30]} 18. f4 {[%emt 0:03:30]} Ng6 {[%emt 0:07:30]} 19. Rxe6 {[%emt 0:04:30]} Qb6+ {[%emt 0:01:30]} 20. Kh1 {[%emt 0:00:30]} fxe6 {[%emt 0:00:30]} 21. f5 {[%emt 0:01:30]} Qf2 {[%emt 0:06:39]} 22. Qf3 {[%emt 0:07:30]} Qxb2 {[%emt 0:01:23]} 23. Rb1 {[%emt 0:04:30]} Qc2 {[%emt 0:10:32]} 24. fxg6 {[%emt 0:02:30]} hxg6 {[%emt 0:03:41]} 25. Qxa8 {[%emt 0:00:30]} gxh5 {[%emt 0:00:11]} 26. Rf1 {[%emt 0:00:30]} Qxc3 {[%emt 0:00:48]} 27. Qxf8+ {[%emt 0:00:30]} Kh7 {[%emt 0:00:05]} 28. Qxd6 {[%emt 0:00:30]} Be8 {[%emt 0:00:57]} 29. Qxe6 {[%emt 0:03:30]} Bg6 {[%emt 0:00:25]} 30. cxb5 {[%emt 0:00:30]} axb5 {[%emt 0:00:47]} 31. Qd5 {[%emt 0:02:30]} h4 {[%emt 0:03:41]} 32. h3 {[%emt 0:01:30]} b4 {[%emt 0:01:53]} 33. axb4 {[%emt 0:04:30]} Qxb4 {[%emt 0:00:04]} 34. Qc4 {[%emt 0:01:30]} Qe7 {[%emt 0:00:13]} 35. b4 {[%emt 0:01:30]} Qd8 {[%emt 0:00:34]} 36. Rf4 {[%emt 0:01:30]} 1-0

[Event "Turkish Super League 2019"]
[Site "Konya"]
[Date "2019.07.25"]
[Round "10"]
[White "Soysal, Serkan"]
[Black "Rozum, Ivan"]
[Result "0-1"]
[WhiteElo "2431"]
[BlackElo "2583"]
[Annotator "ChessBase"]
[PlyCount "106"]
[EventDate "2019.07.17"]
[EventType "team-tourn"]
[EventCountry "TUR"]
[SourceTitle "playchess.com"]
[Source "ChessBase"]
[SourceQuality "1"]
[TimeControl "40/5400+30:1800+30"]

1. d4 {[%emt 0:00:30]} Nf6 {[%emt 0:03:30]} 2. c4 {[%emt 0:00:00]} d6 {[%emt 0:00:30]} 3. Nf3 {[%emt 0:00:00]} g6 {[%emt 0:00:30]} 4. Nc3 {[%emt 0:00:30]} Bf5 {[%emt 0:00:30]} 5. g3 {[%emt 0:00:00]} Bg7 {[%emt 0:00:00]} 6. Bg2 {[%emt 0:00:00]} Ne4 {[%emt 0:00:00]} 7. Bd2 {[%emt 0:03:30]} Nxd2 {[%emt 0:00:30]} 8. Qxd2 {[%emt 0:00:00]} O-O {[%emt 0:01:30]} 9. h4 {[%emt 0:00:00]} c5 {[%emt 0:06:30]} 10. h5 {[%emt 0:01:30]} Nc6 {[%emt 0:04:30]} 11. hxg6 {[%emt 0:05:30]} Bxg6 {[%emt 0:00:30]} 12. d5 {[%emt 0:04:30]} Na5 {[%emt 0:02:30]} 13. b3 {[%emt 0:00:30]} a6 {[%emt 0:00:30]} 14. Rc1 {[%emt 0:00:30]} b5 {[%emt 0:03:30]} 15. Ng5 {[%emt 0:20:30]} bxc4 {[%emt 0:09:30]} 16. bxc4 {[%emt 0:00:30]} h6 {[%emt 0:05:30]} 17. Nf3 {[%emt 0:03:30]} Nxc4 {[%emt 0:00:00]} 18. Qf4 {[%emt 0:00:30]} Qa5 {[%emt 0:18:00]} 19. Qxc4 {[%emt 0:02:30]} Rfb8 {[%emt 0:00:30]} 20. a3 {[%emt 0:01:30]} Qxa3 {[%emt 0:01:30]} 21. O-O {[%emt 0:01:30]} Rb4 {[%emt 0:04:30]} 22. Qa2 {[%emt 0:00:30]} Qxa2 {[%emt 0:00:30]} 23. Nxa2 {[%emt 0:00:00]} Rb2 {[%emt 0:00:30]} 24. Nc3 {[%emt 0:00:00]} a5 {[%emt 0:00:30]} 25. Nh4 {[%emt 0:08:30]} a4 {[%emt 0:21:50]} 26. Nxg6 {[%emt 0:00:30]} fxg6 {[%emt 0:00:00]} 27. Be4 {[%emt 0:02:30]} Kf7 {[%emt 0:00:25]} 28. Bb1 {[%emt 0:07:30]} a3 {[%emt 0:02:02]} 29. Na2 {[%emt 0:00:00]} Rxe2 {[%emt 0:00:04]} 30. Rc2 {[%emt 0:00:00]} Rxc2 {[%emt 0:06:58]} 31. Bxc2 {[%emt 0:00:30]} Rb8 {[%emt 0:00:00]} 32. Rb1 {[%emt 0:00:30]} Bb2 {[%emt 0:00:32]} 33. Kf1 {[%emt 0:05:30]} g5 {[%emt 0:01:36]} 34. Re1 {[%emt 0:09:30]} Bd4 {[%emt 0:01:00]} 35. Rb1 {[%emt 0:00:30]} Rb2 {[%emt 0:02:54]} 36. Rxb2 {[%emt 0:00:00]} axb2 {[%emt 0:00:01]} 37. g4 {[%emt 0:07:48]} Kf6 {[%emt 0:00:23]} 38. f3 {[%emt 0:05:38]} Ke5 {[%emt 0:00:30]} 39. Be4 {[%emt 0:00:00]} Kf4 {[%emt 0:00:21]} 40. Ke2 {[%emt 0:00:00]} h5 {[%emt 0:00:00]} 41. gxh5 {[%emt 0:05:34]} g4 {[%emt 0:00:54]} 42. Kf1 {[%emt 0:01:30]} gxf3 {[%emt 0:00:30]} 43. Bb1 {[%emt 0:00:00]} Ke5 {[%emt 0:01:30]} 44. h6 {[%emt 0:01:00]} Kxd5 {[%emt 0:00:30]} 45. h7 {[%emt 0:00:30]} Kc4 {[%emt 0:00:00]} 46. Bc2 {[%emt 0:00:00]} d5 {[%emt 0:07:00]} 47. Ke1 {[%emt 0:00:00]} Bg7 {[%emt 0:01:30]} 48. Kf2 {[%emt 0:00:30]} d4 {[%emt 0:00:00]} 49. Kxf3 {[%emt 0:01:30]} d3 {[%emt 0:00:00]} 50. Bb1 {[%emt 0:00:30]} Kd4 {[%emt 0:00:30]} 51. Kf2 {[%emt 0:02:30]} e5 {[%emt 0:00:00]} 52. Kf3 {[%emt 0:01:30]} e4+ {[%emt 0:00:00]} 53. Kf2 {[%emt 0:00:30]} Bf6 {[%emt 0:00:30]} 0-1

[Event "Turkish Super League 2019"]
[Site "Konya"]
[Date "2019.07.25"]
[Round "10"]
[White "Szczepkowska, Karina"]
[Black "Osmak, Iulija"]
[Result "1/2-1/2"]
[WhiteElo "2425"]
[BlackElo "2395"]
[Annotator "NA"]
[PlyCount "57"]
[EventDate "2019.07.17"]
[EventType "team-tourn"]
[EventCountry "TUR"]
[SourceTitle "playchess.com"]
[Source "ChessBase"]
[SourceQuality "1"]
[TimeControl "40/5400+30:1800+30"]

1. d4 {[%emt 0:00:30]} d5 {[%emt 0:00:30]} 2. c4 {[%emt 0:00:30]} c6 {[%emt 0:00:00]} 3. cxd5 {[%emt 0:00:30]} cxd5 {[%emt 0:00:00]} 4. Nc3 {[%emt 0:00:00]} Nc6 {[%emt 0:00:30]} 5. Nf3 {[%emt 0:00:00]} Nf6 {[%emt 0:00:30]} 6. Bf4 {[%emt 0:00:30]} Bf5 {[%emt 0:00:30]} 7. e3 {[%emt 0:01:30]} e6 {[%emt 0:01:30]} 8. Bd3 {[%emt 0:01:30]} Bxd3 {[%emt 0:03:30]} 9. Qxd3 {[%emt 0:00:30]} Bd6 {[%emt 0:00:30]} 10. Bxd6 {[%emt 0:02:30]} Qxd6 {[%emt 0:00:30]} 11. O-O {[%emt 0:00:30]} O-O {[%emt 0:00:00]} 12. Rfc1 {[%emt 0:00:00]} Rfc8 {[%emt 0:01:00]} 13. h3 {[%emt 0:01:00]} h6 {[%emt 0:00:30]} 14. a3 {[%emt 0:00:30]} a6 {[%emt 0:00:30]} 15. Rc2 {[%emt 0:00:30]} Rc7 {[%emt 0:01:30]} 16. Rac1 {[%emt 0:00:30]} Rac8 {[%emt 0:00:00]} 17. Na4 {[%emt 0:00:30]} Nd7 {[%emt 0:00:00]} 18. Nc5 {[%emt 0:01:30]} Nxc5 {[%emt 0:01:30]} 19. Rxc5 {[%emt 0:00:30]} Nb8 {[%emt 0:01:30]} 20. Rxc7 {[%emt 0:00:30]} Rxc7 {[%emt 0:00:30]} 21. Rxc7 {[%emt 0:00:30]} Qxc7 {[%emt 0:00:00]} 22. Qb3 {[%emt 0:00:00]} Nd7 {[%emt 0:00:00]} 23. Qb4 {[%emt 0:01:00]} Qc1+ {[%emt 0:00:30]} 24. Kh2 {[%emt 0:00:30]} Qc7+ {[%emt 0:00:30]} 25. Kg1 {[%emt 0:00:30]} Qc1+ {[%emt 0:00:00]} 26. Kh2 {[%emt 0:00:00]} Qc7+ {[%emt 0:00:00]} 27. Kg1 {[%emt 0:00:00]} Qc1+ {[%emt 0:00:30]} 28. Kh2 {[%emt 0:00:30]} Qc7+ {[%emt 0:00:00]} 29. Kh1 {[%emt 0:00:00]} 1/2-1/2